[Event "ENCI Limburg-open A"]
[Site "Maastricht"]
[Date "2009.05.30"]
[Round "2"]
[White "Pedersen, Lars Erik"]
[Black "Kalla, Christian"]
[Result "1-0"]
[WhiteElo "2049"]
[BlackElo "1977"]
[PlyCount "135"]
[EventDate "2009.05.29"]
[EventType "swiss"]
[EventRounds "7"]
[EventCountry "NED"]
[Source "P.Boonen"]
[SourceDate "2010.01.01"]

1. e4 c5 2. Nc3 Nc6 3. g3 g6 4. d3 Bg7 5. Bg2 d6 6. Be3 e5 7. Qd2 Nd4 8. Nd5
Nf6 9. Nxf6+ Qxf6 10. c3 Ne6 11. Ne2 O-O 12. O-O Qe7 13. Rae1 b6 14. f4 exf4
15. gxf4 Nc7 16. f5 Rb8 17. Ng3 Ne8 18. Bh6 Qh4 19. Bg5 Qg4 20. Bf3 Qh3 21. Bg2
Qg4 22. Bf3 Qh3 23. Qe2 Nf6 24. Bg2 Qg4 25. Qxg4 Nxg4 26. Be7 Be5 27. Bxf8 Kxf8
28. Rf3 gxf5 29. Nxf5 Bxh2+ 30. Kh1 Be5 31. d4 Bxf5 32. dxe5 Bg6 33. exd6 Ne5
34. Rg3 Rd8 35. Rd1 Nc4 36. b3 Rxd6 37. Rxd6 Nxd6 38. Re3 Ke7 39. Kg1 Ke6 40.
e5 Nf5 41. Bh3 Kd5 42. Bg2+ Ke6 43. Bh3 Kd5 44. Bxf5 Bxf5 45. Kf2 Be4 46. Rg3
Kxe5 47. Ke3 Bg6 48. Rg2 f5 49. Rd2 f4+ 50. Kf2 a5 51. Rd8 Bb1 52. a3 Bc2 53.
Rb8 Bxb3 54. Rxb6 a4 55. Rb7 Ke4 56. Rxh7 Kd3 57. Rh3+ Kd2 58. Rf3 Bd1 59. Rxf4
Kxc3 60. Ke3 c4 61. Rf1 Bc2 62. Rf8 Kb3 63. Kd4 Kxa3 64. Kc3 Bd3 65. Ra8 Be2
66. Ra7 Bd3 67. Re7 Bb1 68. Kxc4 1-0

[Event "ENCI Limburg-open A"]
[Site "Maastricht"]
[Date "2009.05.30"]
[Round "2"]
[White "Pedersen, Nicolai Vesterbaek"]
[Black "Guliyev, Namiq"]
[Result "0-1"]
[WhiteElo "2417"]
[BlackElo "2534"]
[PlyCount "73"]
[EventDate "2009.05.29"]
[EventType "swiss"]
[EventRounds "7"]
[EventCountry "NED"]
[Source "P.Boonen"]
[SourceDate "2010.01.01"]

1. Nf3 Nf6 2. g3 d5 3. Bg2 c5 4. c4 d4 5. b4 cxb4 6. a3 b3 7. d3 Nc6 8. Qxb3 e5
9. O-O Nd7 10. Nbd2 Be7 11. Rb1 O-O 12. Ne4 Kh8 13. g4 b6 14. Bd2 Bb7 15. Qa2
Qc7 16. Kh1 Rae8 17. g5 Ncb8 18. e3 dxe3 19. Bxe3 Bxe4 20. dxe4 Bc5 21. Bd2 Nc6
22. Bc3 Nd4 23. Nxd4 Bxd4 24. Bxd4 exd4 25. Qd2 Nc5 26. f4 Nxe4 27. Qxd4 Nd6
28. f5 f6 29. g6 Re5 30. Qh4 h6 31. Qh3 Nxc4 32. Rbc1 b5 33. Rf4 Rfe8 34. Rcf1
Re1 35. Rh4 Rxf1+ 36. Bxf1 Ne3 37. Bg2 0-1

[Event "ENCI Limburg-open A"]
[Site "Maastricht"]
[Date "2009.05.30"]
[Round "2"]
[White "Reyniers, Pieter"]
[Black "Winkels, Marcel"]
[Result "1-0"]
[WhiteElo "2029"]
[BlackElo "2102"]
[PlyCount "59"]
[EventDate "2009.05.29"]
[EventType "swiss"]
[EventRounds "7"]
[EventCountry "NED"]
[Source "P.Boonen"]
[SourceDate "2010.01.01"]

1. e4 c5 2. Nf3 Nc6 3. d4 cxd4 4. Nxd4 Nf6 5. Nc3 e5 6. Ndb5 d6 7. Bg5 a6 8.
Na3 b5 9. Nd5 Be7 10. Bxf6 Bxf6 11. c3 O-O 12. Nc2 Bg5 13. a4 bxa4 14. Rxa4 a5
15. Bc4 Rb8 16. Ra2 Kh8 17. Nce3 g6 18. h4 Bxh4 19. g3 Bg5 20. f4 exf4 21. gxf4
Bh4+ 22. Kf1 Bf6 23. b4 Kg7 24. Rah2 h5 25. b5 Na7 26. Nxf6 Qxf6 27. Nd5 Qd8
28. Rxh5 gxh5 29. Qxh5 Rg8 30. Qh6# 1-0

[Event "ENCI Limburg-open A"]
[Site "Maastricht"]
[Date "2009.05.30"]
[Round "2"]
[White "Richter, Goetz"]
[Black "Verstraeten, Reinaert"]
[Result "1/2-1/2"]
[WhiteElo "2064"]
[BlackElo "1993"]
[PlyCount "63"]
[EventDate "2009.05.29"]
[EventType "swiss"]
[EventRounds "7"]
[EventCountry "NED"]
[Source "P.Boonen"]
[SourceDate "2010.01.01"]

1. Nf3 Nf6 2. c4 g6 3. d4 Bg7 4. Nc3 O-O 5. Bg5 d6 6. e3 Nbd7 7. Be2 h6 8. Bh4
c6 9. O-O g5 10. Bg3 Nh5 11. Qc2 Nxg3 12. hxg3 e5 13. Ne4 Qe7 14. c5 dxc5 15.
dxc5 Rd8 16. b4 a5 17. a3 Nf6 18. Nd6 Ne8 19. Nxe8 Qxe8 20. Nd2 Be6 21. Ne4 Bf5
22. Nf6+ Bxf6 23. Qxf5 Qe7 24. Bc4 Kg7 25. Rfd1 e4 26. Rab1 axb4 27. axb4 Qe5
28. Qxe5 Bxe5 29. Rxd8 Rxd8 30. b5 Rd7 31. Kf1 Bf6 32. bxc6 1/2-1/2

[Event "ENCI Limburg-open A"]
[Site "Maastricht"]
[Date "2009.05.30"]
[Round "2"]
[White "Seip, Rien"]
[Black "Lambrechts, Koen"]
[Result "0-1"]
[WhiteElo "2014"]
[BlackElo "2174"]
[PlyCount "48"]
[EventDate "2009.05.29"]
[EventType "swiss"]
[EventRounds "7"]
[EventCountry "NED"]
[Source "P.Boonen"]
[SourceDate "2010.01.01"]

1. d4 e6 2. c4 b6 3. Nc3 Bb7 4. a3 Nf6 5. Nf3 d5 6. cxd5 Nxd5 7. e3 Nd7 8. Bd3
Be7 9. e4 N5f6 10. Bg5 c5 11. dxc5 Nxc5 12. Bb5+ Kf8 13. e5 Nd5 14. Bxe7+ Kxe7
15. Qc2 Nf4 16. Rd1 Qc7 17. Ne2 Nxg2+ 18. Kf1 Bxf3 19. Rd7+ Qxd7 20. Bxd7 Nxd7
21. Rg1 Nxe5 22. Qc7+ Kf6 23. Rxg2 Rhc8 24. Qd6 Rd8 0-1

[Event "ENCI Limburg-open A"]
[Site "Maastricht"]
[Date "2009.05.30"]
[Round "2"]
[White "Sprangers, Remco"]
[Black "Friesen, Boris"]
[Result "1-0"]
[WhiteElo "2231"]
[BlackElo "2114"]
[PlyCount "61"]
[EventDate "2009.05.29"]
[EventType "swiss"]
[EventRounds "7"]
[EventCountry "NED"]
[Source "P.Boonen"]
[SourceDate "2010.01.01"]

1. e4 e6 2. d4 d5 3. Nc3 Nf6 4. e5 Nfd7 5. f4 c5 6. Nf3 Nc6 7. Be3 Qb6 8. Na4
Qa5+ 9. c3 cxd4 10. b4 Qc7 11. Nxd4 a6 12. Rc1 b5 13. Nb2 Nxd4 14. Bxd4 Be7 15.
Bd3 Nb6 16. O-O Nc4 17. Nxc4 dxc4 18. Be4 Bb7 19. Bxb7 Qxb7 20. f5 exf5 21.
Rxf5 Qe4 22. Qf1 O-O 23. Re1 Qc6 24. Re3 Rad8 25. Qf4 f6 26. Rg3 Kh8 27. Qg4 g6
28. Rh3 fxe5 29. Rxe5 Bf6 30. Re7 h5 31. Rxh5+ 1-0

[Event "ENCI Limburg-open A"]
[Site "Maastricht"]
[Date "2009.05.30"]
[Round "2"]
[White "Stopa, Jacek"]
[Black "Koenig, Christian"]
[Result "1-0"]
[WhiteElo "2471"]
[BlackElo "2140"]
[PlyCount "59"]
[EventDate "2009.05.29"]
[EventType "swiss"]
[EventRounds "7"]
[EventCountry "NED"]
[Source "P.Boonen"]
[SourceDate "2010.01.01"]

1. e4 d6 2. d4 Nf6 3. Bd3 Nc6 4. c3 e5 5. Nf3 Bg4 6. d5 Nb8 7. h3 Bh5 8. c4 Be7
9. Nc3 c6 10. Be3 cxd5 11. cxd5 a6 12. Qb3 Nbd7 13. Qxb7 O-O 14. Qb3 Qa5 15.
Nd2 Nc5 16. Qc2 Nxd3+ 17. Qxd3 Nd7 18. O-O Bg6 19. g4 Rfc8 20. a3 f6 21. b4 Qd8
22. Rfc1 Be8 23. Nc4 Rc7 24. Na5 Bf8 25. Nc6 Qc8 26. Na4 Qb7 27. Na5 Rxc1+ 28.
Rxc1 Qb8 29. Rc4 Kf7 30. Qc2 1-0

[Event "ENCI Limburg-open A"]
[Site "Maastricht"]
[Date "2009.05.30"]
[Round "2"]
[White "Swinkels, Robin"]
[Black "Lenhardt, Manfred"]
[Result "1-0"]
[WhiteElo "2499"]
[BlackElo "2148"]
[PlyCount "115"]
[EventDate "2009.05.29"]
[EventType "swiss"]
[EventRounds "7"]
[EventCountry "NED"]
[Source "P.Boonen"]
[SourceDate "2010.01.01"]

1. e4 e6 2. d4 d5 3. Nc3 Bb4 4. e5 Ne7 5. a3 Bxc3+ 6. bxc3 c5 7. Qg4 Qc7 8. Bd3
Nbc6 9. dxc5 Nxe5 10. Qxg7 Nxd3+ 11. cxd3 Rg8 12. Qf6 Rg6 13. Bf4 Qxc5 14. Qd4
Qxd4 15. cxd4 Nc6 16. Nf3 f6 17. Kd2 b6 18. Rac1 Bb7 19. Rc3 Rc8 20. Rhc1 Rg7
21. h3 h5 22. Bg3 Rd7 23. Bh4 Rf7 24. g4 hxg4 25. hxg4 Ne7 26. Rxc8+ Bxc8 27.
Rc7 a5 28. g5 fxg5 29. Nxg5 Rf4 30. Bg3 Rf5 31. Bd6 Rxg5 32. Rxe7+ Kd8 33. Rh7
Rf5 34. Bc7+ Ke8 35. Ke3 Rf7 36. Rh8+ Rf8 37. Rh1 Bd7 38. Bxb6 a4 39. Bc5 Rg8
40. Rh7 Bb5 41. Rb7 Bd7 42. Kf4 Rg6 43. Rb8+ Kf7 44. Rb7 Ke8 45. Ke5 Bc6 46.
Re7+ Kd8 47. Kd6 e5+ 48. Kxe5 Bb5 49. Kxd5 Rg5+ 50. Ke6 Rg6+ 51. Ke5 Rg5+ 52.
Kf6 Rg2 53. d5 Bxd3 54. d6 Bb5 55. Rb7 Bc6 56. Bb6+ Ke8 57. Rb8+ Kd7 58. Rd8#
1-0

[Event "ENCI Limburg-open A"]
[Site "Maastricht"]
[Date "2009.05.30"]
[Round "2"]
[White "Van Mechelen, Jan"]
[Black "Van Es, Gerard"]
[Result "1/2-1/2"]
[WhiteElo "2282"]
[BlackElo "2084"]
[PlyCount "53"]
[EventDate "2009.05.29"]
[EventType "swiss"]
[EventRounds "7"]
[EventCountry "NED"]
[Source "P.Boonen"]
[SourceDate "2010.01.01"]

1. d4 d6 2. Nf3 Nf6 3. c4 Nbd7 4. Nc3 e5 5. e4 c6 6. Be2 Be7 7. O-O O-O 8. h3
h6 9. Be3 Nh7 10. d5 c5 11. Nh2 a6 12. a4 Bg5 13. Bxg5 Nxg5 14. Qd2 Qe7 15. Kh1
Re8 16. Rae1 Nf8 17. Bg4 Ng6 18. f3 Qf6 19. Ne2 Qe7 20. Ng3 Nh4 21. Qf2 Bd7 22.
Nh5 Ng6 23. Bxd7 Qxd7 24. h4 Nh7 25. a5 Qd8 26. g3 Qxa5 27. Rg1 1/2-1/2

[Event "ENCI Limburg-open A"]
[Site "Maastricht"]
[Date "2009.05.30"]
[Round "2"]
[White "Wilschut, Peter"]
[Black "Larmuseau, Maarten"]
[Result "1/2-1/2"]
[WhiteElo "2209"]
[BlackElo "2085"]
[PlyCount "81"]
[EventDate "2009.05.29"]
[EventType "swiss"]
[EventRounds "7"]
[EventCountry "NED"]
[Source "P.Boonen"]
[SourceDate "2010.01.01"]

1. c4 e6 2. g3 Nf6 3. Bg2 c5 4. Nf3 Nc6 5. O-O b6 6. d4 d5 7. cxd5 Nxd5 8. Nc3
Bb7 9. Nxd5 exd5 10. b3 Be7 11. Bb2 O-O 12. Rc1 Bf6 13. Qd2 Qe7 14. Rfe1 Rac8
15. dxc5 Bxb2 16. Qxb2 bxc5 17. Qa3 Nb4 18. Qxa7 Rc6 19. Qa3 Ra8 20. Qb2 Rxa2
21. Qe5 Qxe5 22. Nxe5 Rc7 23. Ra1 Rb2 24. Rab1 Rxb1 25. Rxb1 Re7 26. Nd3 Nxd3
27. exd3 d4 28. b4 Bxg2 29. Kxg2 Rb7 30. Rc1 Rxb4 31. Rxc5 Kf8 32. Kf3 Ke7 33.
Ke4 Rb2 34. Rf5 Ke6 35. Rf3 Rb4 36. g4 f6 37. h4 g6 38. Rf4 Ra4 39. Rf3 Rb4 40.
Rf4 Ra4 41. Rf3 1/2-1/2

[Event "ENCI Limburg-open A"]
[Site "Maastricht"]
[Date "2009.05.30"]
[Round "2"]
[White "Zilverberg, Jasper"]
[Black "Schut, Lisa"]
[Result "1/2-1/2"]
[WhiteElo "2015"]
[BlackElo "2196"]
[PlyCount "43"]
[EventDate "2009.05.29"]
[EventType "swiss"]
[EventRounds "7"]
[EventCountry "NED"]
[Source "P.Boonen"]
[SourceDate "2010.01.01"]

1. c4 Nf6 2. g3 g6 3. Bg2 d5 4. cxd5 Nxd5 5. Nc3 Nxc3 6. bxc3 Bg7 7. Rb1 O-O 8.
Rxb7 Bxb7 9. Bxb7 Nd7 10. Bxa8 Qxa8 11. Nf3 Ne5 12. O-O Nxf3+ 13. exf3 c5 14.
Qe2 e6 15. Ba3 Qd5 16. d4 Rc8 17. Bxc5 e5 18. Rb1 exd4 19. Bxd4 Bxd4 20. cxd4
Qxd4 21. Rb7 a5 22. Kg2 1/2-1/2

[Event "ENCI Limburg-open A"]
[Site "Maastricht"]
[Date "2009.05.30"]
[Round "3"]
[White "Andok, Claus Michael"]
[Black "Henris, Luc"]
[Result "0-1"]
[WhiteElo "2085"]
[BlackElo "2265"]
[PlyCount "66"]
[EventDate "2009.05.29"]
[EventType "swiss"]
[EventRounds "7"]
[EventCountry "NED"]
[Source "P.Boonen"]
[SourceDate "2010.01.01"]

1. e4 e5 2. Nf3 d6 3. g3 f5 4. d3 Nc6 5. Bg2 Nf6 6. Nbd2 Be7 7. c3 a5 8. a4
fxe4 9. dxe4 Bd7 10. Qb3 Qc8 11. O-O Nd8 12. Re1 Ne6 13. Nh4 g6 14. Nhf3 Nc5
15. Qc2 O-O 16. Ng5 h6 17. Ngf3 g5 18. Bh1 Qe8 19. b3 Qh5 20. Ba3 Ne6 21. Nf1
Rf7 22. Ne3 Ng7 23. Nd2 Raf8 24. Qd1 g4 25. Rf1 Nh7 26. Bc1 Ng5 27. Bg2 Nh3+
28. Bxh3 Qxh3 29. Nd5 Bd8 30. Ne3 h5 31. Ng2 h4 32. Qe2 Ne6 33. Ne3 Ng5 0-1

[Event "ENCI Limburg-open A"]
[Site "Maastricht"]
[Date "2009.05.30"]
[Round "3"]
[White "Arun Prasad, S."]
[Black "Ducarmon, Quinten"]
[Result "1/2-1/2"]
[WhiteElo "2552"]
[BlackElo "2153"]
[PlyCount "71"]
[EventDate "2009.05.29"]
[EventType "swiss"]
[EventRounds "7"]
[EventCountry "NED"]
[Source "P.Boonen"]
[SourceDate "2010.01.01"]

1. d4 Nf6 2. c4 e6 3. Nf3 b6 4. g3 Ba6 5. Qc2 Bb7 6. Bg2 Bb4+ 7. Nbd2 Be4 8.
Qb3 Bxd2+ 9. Bxd2 O-O 10. O-O d6 11. Rfd1 Nbd7 12. Qa3 Qe7 13. b4 e5 14. d5 a6
15. Nh4 Bxg2 16. Kxg2 Ne4 17. Be1 f5 18. Qd3 g6 19. Rac1 Ng5 20. e3 f4 21. exf4
exf4 22. Bc3 Ne5 23. Bxe5 Qxe5 24. Re1 Qf6 25. Qc3 a5 26. Qxf6 Rxf6 27. bxa5
Rxa5 28. Re8+ Kg7 29. Re7+ Kh6 30. Rc2 Ra3 31. h3 fxg3 32. fxg3 Nf3 33. Rce2
Nd4 34. Rd2 Nf3 35. Rde2 Nd4 36. Rd2 1/2-1/2

[Event "ENCI Limburg-open A"]
[Site "Maastricht"]
[Date "2009.05.30"]
[Round "3"]
[White "Beukema, Stefan"]
[Black "In 't Veld, Daan"]
[Result "1-0"]
[WhiteElo "2009"]
[BlackElo "2168"]
[PlyCount "92"]
[EventDate "2009.05.29"]
[EventType "swiss"]
[EventRounds "7"]
[EventCountry "NED"]
[Source "P.Boonen"]
[SourceDate "2010.01.01"]

1. e4 c5 2. Nf3 e6 3. d4 cxd4 4. Nxd4 a6 5. Bd3 Bc5 6. Nb3 Ba7 7. O-O Nc6 8.
Bf4 e5 9. Bg3 Nge7 10. Nc3 O-O 11. Qh5 d6 12. Rad1 Be6 13. Kh1 f6 14. Nd5 Rc8
15. c4 Qd7 16. h3 Bf7 17. Qf3 Bxd5 18. exd5 Nb4 19. Bb1 b5 20. c5 a5 21. c6 Qc7
22. a3 a4 23. axb4 axb3 24. Qxb3 Bd4 25. Qd3 g6 26. Qxb5 Rb8 27. Qc4 Bxb2 28.
b5 Qb6 29. Bd3 Bd4 30. Rd2 Ra8 31. f4 Ra3 32. fxe5 fxe5 33. Rxf8+ Kxf8 34. Rd1
Qa7 35. Rf1+ Ke8 36. Qb4 Rxd3 37. Qxd6 Nf5 38. Qe6+ Qe7 39. Qg8+ Qf8 40. Qe6+
Qe7 41. Qg8+ Qf8 42. Qxf8+ Kxf8 43. Be1 Ke8 44. g4 Bb6 45. gxf5 Rxd5 46. fxg6
hxg6 1-0

[Event "ENCI Limburg-open A"]
[Site "Maastricht"]
[Date "2009.05.30"]
[Round "3"]
[White "Bijlsma, Nick"]
[Black "Pedersen, Nicolai Vesterbaek"]
[Result "0-1"]
[WhiteElo "2078"]
[BlackElo "2417"]
[PlyCount "52"]
[EventDate "2009.05.29"]
[EventType "swiss"]
[EventRounds "7"]
[EventCountry "NED"]
[Source "P.Boonen"]
[SourceDate "2010.01.01"]

1. e4 e5 2. Nf3 Nc6 3. Bb5 a6 4. Ba4 Nf6 5. Qe2 Bc5 6. d3 Nd4 7. Nxd4 Bxd4 8.
c3 Ba7 9. Bg5 h6 10. Bh4 Qe7 11. Nd2 O-O 12. Nf1 d5 13. exd5 g5 14. Bg3 Nxd5
15. Bb3 c6 16. O-O-O Re8 17. h4 g4 18. Re1 Qf6 19. Bxd5 cxd5 20. d4 Qc6 21.
dxe5 d4 22. Qc2 dxc3 23. bxc3 Bf5 24. Qxf5 Qxc3+ 25. Kd1 Rad8+ 26. Ke2 Qc4+ 0-1

[Event "ENCI Limburg-open A"]
[Site "Maastricht"]
[Date "2009.05.30"]
[Round "3"]
[White "Broekmeulen, Jasper"]
[Black "Pedersen, Lars Erik"]
[Result "1-0"]
[WhiteElo "2318"]
[BlackElo "2049"]
[PlyCount "87"]
[EventDate "2009.05.29"]
[EventType "swiss"]
[EventRounds "7"]
[EventCountry "NED"]
[Source "P.Boonen"]
[SourceDate "2010.01.01"]

1. e4 c5 2. Nf3 d6 3. d4 cxd4 4. Nxd4 Nf6 5. Nc3 a6 6. h3 g6 7. g4 Bg7 8. Bg2
h5 9. g5 Nfd7 10. Be3 Ne5 11. Qe2 Nec6 12. O-O-O Nxd4 13. Bxd4 Bxd4 14. Rxd4
Nc6 15. Rd2 Qa5 16. f4 Bd7 17. e5 O-O-O 18. exd6 exd6 19. Rxd6 Qb4 20. Qd2 Be6
21. Rd1 Qxd6 22. Qxd6 Rxd6 23. Rxd6 Kc7 24. Rd2 Ne7 25. Ne2 Bf5 26. Nd4 Rd8 27.
Nxf5 Rxd2 28. Kxd2 Nxf5 29. Bd5 Nd6 30. c4 b6 31. b4 Kd7 32. c5 bxc5 33. bxc5
Nc8 34. Bxf7 Ne7 35. Kd3 Kc6 36. Kc4 Kc7 37. Kd4 Kc6 38. Be8+ Kc7 39. Ke5 Kd8
40. Bf7 Kd7 41. Kf6 h4 42. Bxg6 Nd5+ 43. Ke5 Kc6 44. Be4 1-0

[Event "ENCI Limburg-open A"]
[Site "Maastricht"]
[Date "2009.05.30"]
[Round "3"]
[White "Christensen, Klaus"]
[Black "Fober, Jan"]
[Result "1-0"]
[WhiteElo "2094"]
[BlackElo "1999"]
[PlyCount "49"]
[EventDate "2009.05.29"]
[EventType "swiss"]
[EventRounds "7"]
[EventCountry "NED"]
[Source "P.Boonen"]
[SourceDate "2010.01.01"]

1. d4 d5 2. c4 c6 3. Nf3 Nf6 4. Nc3 dxc4 5. a4 Bf5 6. e3 e6 7. Bxc4 Bb4 8. O-O
O-O 9. Qe2 Nbd7 10. Rd1 Bg4 11. h3 Bxf3 12. Qxf3 Qa5 13. e4 e5 14. d5 h6 15.
dxc6 bxc6 16. g4 Qc7 17. h4 Nh7 18. g5 hxg5 19. hxg5 g6 20. Kg2 Bxc3 21. bxc3
Nb6 22. Bb3 Rab8 23. Ba2 c5 24. a5 Na4 25. Bd5 1-0

[Event "ENCI Limburg-open A"]
[Site "Maastricht"]
[Date "2009.05.30"]
[Round "3"]
[White "Dambacher, Martijn"]
[Black "Braun, Christian1"]
[Result "1-0"]
[WhiteElo "2486"]
[BlackElo "2333"]
[PlyCount "127"]
[EventDate "2009.05.29"]
[EventType "swiss"]
[EventRounds "7"]
[EventCountry "NED"]
[Source "P.Boonen"]
[SourceDate "2010.01.01"]

1. d4 g6 2. c4 Bg7 3. e4 d6 4. Nc3 Nc6 5. Be3 e5 6. Nge2 f5 7. exf5 gxf5 8.
dxe5 dxe5 9. Qxd8+ Nxd8 10. f4 e4 11. Ng3 Ne7 12. Nb5 Ne6 13. Nh5 Bh6 14. Bxa7
Kf7 15. Be3 Bd7 16. O-O-O Rhd8 17. Nc3 Ng6 18. g3 Bf8 19. Be2 Bc5 20. Bxc5 Nxc5
21. Rd5 b6 22. b4 Nb7 23. Rhd1 Be6 24. Rxd8 Nxd8 25. Kb2 c5 26. bxc5 bxc5 27.
Nb5 Nc6 28. h3 Ra4 29. a3 Nge7 30. Kb3 Ra8 31. g4 Rb8 32. Kc3 Ra8 33. Kb2 Rb8
34. Kc3 Ra8 35. Ng3 Nd4 36. Nxd4 cxd4+ 37. Kxd4 Rxa3 38. gxf5 Bxf5 39. Nxf5
Nxf5+ 40. Ke5 Ra5+ 41. Kxe4 Kf6 42. Rd8 Ng3+ 43. Kf3 Nf5 44. Bd3 Ra3 45. Rf8+
Ke6 46. Rxf5 Rxd3+ 47. Kg4 Rc3 48. c5 Rc1 49. Re5+ Kf6 50. h4 Rc3 51. Rf5+ Ke6
52. Rh5 Kf6 53. Rh6+ Kg7 54. Rc6 Rc1 55. Rc8 Rc4 56. c6 h5+ 57. Kg5 Rc5+ 58. f5
Rc1 59. c7 Rc5 60. Kf4 Rc6 61. Ke4 Rc4+ 62. Kd5 Rc1 63. f6+ Kf7 64. Rh8 1-0

[Event "ENCI Limburg-open A"]
[Site "Maastricht"]
[Date "2009.05.30"]
[Round "3"]
[White "Dgebuadze, Alexandre"]
[Black "Kuipers, Stefan"]
[Result "0-1"]
[WhiteElo "2539"]
[BlackElo "2343"]
[PlyCount "88"]
[EventDate "2009.05.29"]
[EventType "swiss"]
[EventRounds "7"]
[EventCountry "NED"]
[Source "P.Boonen"]
[SourceDate "2010.01.01"]

1. e4 c5 2. Nf3 Nc6 3. d4 cxd4 4. Nxd4 Nf6 5. Nc3 e5 6. Ndb5 d6 7. Bg5 a6 8.
Na3 b5 9. Bxf6 gxf6 10. Nd5 Bg7 11. g3 f5 12. Bg2 Rb8 13. exf5 Bxf5 14. Ne3 Ne7
15. Nxf5 Nxf5 16. Bc6+ Kf8 17. O-O Ne7 18. Bd5 Qc7 19. c3 Qc5 20. Bb3 h5 21.
Nc2 h4 22. Qf3 f5 23. Rad1 hxg3 24. hxg3 e4 25. Qf4 Rb6 26. Nd4 d5 27. Nxf5 Rf6
28. Nxg7 Qb6 29. Qe5 Rfh6 30. g4 Ng6 31. Qg3 Rh3 32. Kg2 Rxg3+ 33. fxg3+ Kxg7
34. Rxd5 Rf8 35. Rd7+ Kh6 36. g5+ Kh5 37. Rxf8 Nxf8 38. Rf7 Qd6 39. Rf6 Qd2+
40. Rf2 Qd6 41. Rf6 Qd8 42. Rf5 Kg6 43. Rd5 Qe7 44. Kh2 Nh7 0-1

[Event "ENCI Limburg-open A"]
[Site "Maastricht"]
[Date "2009.05.30"]
[Round "3"]
[White "Friesen, Boris"]
[Black "Van Mechelen, Jan"]
[Result "1/2-1/2"]
[WhiteElo "2114"]
[BlackElo "2282"]
[PlyCount "45"]
[EventDate "2009.05.29"]
[EventType "swiss"]
[EventRounds "7"]
[EventCountry "NED"]
[Source "P.Boonen"]
[SourceDate "2010.01.01"]

1. e4 e6 2. d4 d5 3. Nc3 Nf6 4. Bg5 Bb4 5. Nge2 dxe4 6. a3 Be7 7. Bxf6 gxf6 8.
Nxe4 f5 9. N4c3 Bf6 10. Qd2 c6 11. O-O-O b6 12. Kb1 Bb7 13. Ng3 Nd7 14. Bc4 O-O
15. Nce2 Bg5 16. f4 Bh6 17. Nh5 Qh4 18. Neg3 Rad8 19. Qe2 Rfe8 20. Rhe1 Nf8 21.
Qe5 Nd7 22. Qe2 Nf8 23. Qe5 1/2-1/2

[Event "ENCI Limburg-open A"]
[Site "Maastricht"]
[Date "2009.05.30"]
[Round "3"]
[White "Glimmerveen, Martin"]
[Black "Nabuurs, Joep"]
[Result "1-0"]
[WhiteElo "2064"]
[BlackElo "2227"]
[PlyCount "83"]
[EventDate "2009.05.29"]
[EventType "swiss"]
[EventRounds "7"]
[EventCountry "NED"]
[Source "P.Boonen"]
[SourceDate "2010.01.01"]

1. e4 c5 2. Nc3 d6 3. g3 g6 4. Bg2 Bg7 5. d3 Nc6 6. f4 e5 7. Nf3 Nge7 8. O-O
Nd4 9. Ne2 Nxf3+ 10. Bxf3 Nc6 11. c3 O-O 12. f5 gxf5 13. exf5 d5 14. g4 f6 15.
Qb3 Ne7 16. c4 d4 17. Ng3 Qc7 18. h4 Rb8 19. Bd2 b6 20. Rae1 Bd7 21. Be4 Kh8
22. Qd1 Bc6 23. g5 Bxe4 24. dxe4 Ng8 25. Rf2 b5 26. cxb5 Rxb5 27. Bc1 c4 28.
Rg2 Rd8 29. Kh2 Qa5 30. Nh5 Rb7 31. Reg1 Qxa2 32. gxf6 Bxf6 33. Rxg8+ Rxg8 34.
Rxg8+ Kxg8 35. Nxf6+ Kh8 36. Qh5 Qa4 37. Qe2 d3 38. Qd2 Qb4 39. Qh6 Rf7 40. Nd5
Qf8 41. Qe6 Qg7 42. Bh6 1-0

[Event "ENCI Limburg-open A"]
[Site "Maastricht"]
[Date "2009.05.30"]
[Round "3"]
[White "Guliyev, Namiq"]
[Black "Sundararajan, Kidambi"]
[Result "1/2-1/2"]
[WhiteElo "2534"]
[BlackElo "2487"]
[PlyCount "98"]
[EventDate "2009.05.29"]
[EventType "swiss"]
[EventRounds "7"]
[EventCountry "NED"]
[Source "P.Boonen"]
[SourceDate "2010.01.01"]

1. e4 c6 2. d4 d5 3. Nc3 dxe4 4. Nxe4 Nd7 5. Nf3 Ngf6 6. Nxf6+ Nxf6 7. c3 Bg4
8. h3 Bxf3 9. Qxf3 Qd5 10. Be2 e6 11. O-O Qxf3 12. Bxf3 O-O-O 13. Rd1 Bd6 14.
c4 Rd7 15. Be3 Bc7 16. b4 e5 17. dxe5 Bxe5 18. Rab1 Rxd1+ 19. Rxd1 Kc7 20. b5
Nd7 21. Be2 Nb6 22. f4 Bf6 23. g4 Re8 24. Kf2 Na4 25. g5 Be7 26. Bg4 Bd6 27.
Kf3 Nb2 28. Rc1 Rxe3+ 29. Kxe3 Bxf4+ 30. Kxf4 Nd3+ 31. Ke3 Nxc1 32. Bf5 Nxa2
33. Bxh7 cxb5 34. cxb5 Kd6 35. Bd3 Ke5 36. b6 axb6 37. Bc4 Nc3 38. Bxf7 Ne4 39.
g6 Nd6 40. Ba2 b5 41. Kd3 b4 42. Bg8 b5 43. Kc2 Kf6 44. Bh7 Kg5 45. Kb3 Kh4 46.
Kxb4 Kxh3 47. Kc5 Nf5 48. Kxb5 Ne7 49. Kc5 Kg4 1/2-1/2

[Event "ENCI Limburg-open A"]
[Site "Maastricht"]
[Date "2009.05.30"]
[Round "3"]
[White "Haast, Anne"]
[Black "Seip, Rien"]
[Result "1-0"]
[WhiteElo "2144"]
[BlackElo "2014"]
[PlyCount "55"]
[EventDate "2009.05.29"]
[EventType "swiss"]
[EventRounds "7"]
[EventCountry "NED"]
[Source "P.Boonen"]
[SourceDate "2010.01.01"]

1. e4 e6 2. d4 d5 3. Nc3 Nf6 4. Bg5 Be7 5. e5 Nfd7 6. h4 Nc6 7. Qg4 f6 8. Bd2
fxe5 9. Qxg7 Bf6 10. Qg4 Qe7 11. dxe5 Ndxe5 12. Qh5+ Qf7 13. Qxf7+ Kxf7 14.
O-O-O Ng4 15. Nh3 Ne7 16. Be2 Ne5 17. f4 N5g6 18. h5 Nh4 19. Ng5+ Bxg5 20. fxg5
Nhf5 21. Bf4 Nd6 22. Bd3 Bd7 23. Be5 Rhg8 24. g6+ hxg6 25. hxg6+ Ke8 26. g7 Nf7
27. Bf6 Nf5 28. Bxf5 1-0

[Event "ENCI Limburg-open A"]
[Site "Maastricht"]
[Date "2009.05.30"]
[Round "3"]
[White "Heltzel, Joost"]
[Black "Swinkels, Robin"]
[Result "0-1"]
[WhiteElo "2267"]
[BlackElo "2499"]
[PlyCount "110"]
[EventDate "2009.05.29"]
[EventType "swiss"]
[EventRounds "7"]
[EventCountry "NED"]
[Source "P.Boonen"]
[SourceDate "2010.01.01"]

1. Nf3 Nf6 2. g3 g6 3. Bg2 Bg7 4. O-O d5 5. c4 dxc4 6. Qa4+ Nfd7 7. Qxc4 e5 8.
d3 Nb6 9. Qc2 h6 10. Nc3 O-O 11. Bd2 Kh7 12. Na4 e4 13. dxe4 Nxa4 14. Qxa4 Bxb2
15. Rad1 Qe7 16. Qb5 Bg7 17. Bb4 Qe8 18. Qd3 Rh8 19. Bc3 Bxc3 20. Qxc3 Qe7 21.
Nd4 Na6 22. f4 c5 23. Nb5 Bg4 24. Bf3 Bxf3 25. exf3 Nb4 26. Nd6 b6 27. a3 Nc6
28. f5 Rad8 29. fxg6+ fxg6 30. Nc4 Nd4 31. Kg2 Rhf8 32. Ne3 Rf7 33. Nc2 Qe5 34.
Nxd4 cxd4 35. Qd3 Rc7 36. f4 Qc5 37. f5 Qc2+ 38. Rf2 Qxd3 39. Rxd3 Rc3 40. Rfd2
Rxd3 41. Rxd3 Kg7 42. fxg6 Kxg6 43. Kf3 Kf6 44. Kf4 Ke6 45. e5 Kd5 46. e6 Rf8+
47. Kg4 Rf6 48. e7 Re6 49. Kh5 Rxe7 50. Kxh6 Re2 51. Kg5 Ke4 52. Rd1 Rxh2 53.
Re1+ Kf3 54. Rd1 Ke3 55. Re1+ Re2 0-1